Prosperity through trees / (Record no. 132000)

MARC details
000 -LEADER
fixed length control field 00719nam a22002417a 4500
005 - DATE AND TIME OF LATEST TRANSACTION
control field 20170124110146.0
010 ## - LIBRARY OF CONGRESS CONTROL NUMBER
LC control number A-991606
020 ## - INTERNATIONAL STANDARD BOOK NUMBER
Terms of availability 00.00
International Standard Book Number 8176480797
035 ## - SYSTEM CONTROL NUMBER
System control number A-991606
037 ## - SOURCE OF ACQUISITION
Source of stock number/acquisition Cen Lib/Ret
040 ## - CATALOGING SOURCE
Original cataloging agency DPL
Language of cataloging EN
082 ## - DEWEY DECIMAL CLASSIFICATION NUMBER
Classification number 634.92
Item number SHA
100 ## - MAIN ENTRY--PERSONAL NAME
Personal name Sharma, V.K.
9 (RLIN) 4126
245 ## - TITLE STATEMENT
Title Prosperity through trees /
Statement of responsibility, etc by V.K.Sharma [and] Y.D.Sharma
260 ## - PUBLICATION, DISTRIBUTION, ETC. (IMPRINT)
Name of publisher, distributor, etc APH Publishing Corporation
Place of publication, distribution, etc New Delhi
Date of publication, distribution, etc 1999
270 ## - ADDRESS
Address 5, Ansari Road, Daryaganj
City New Delhi
Postal code 110002
300 ## - PHYSICAL DESCRIPTION
Extent viii,315p.
Dimensions 20cm(Hb)
500 ## - GENERAL NOTE
General note Includes index
650 ## - SUBJECT ADDED ENTRY--TOPICAL TERM
Topical term or geographic name as entry element Trees -- Propagation
9 (RLIN) 33437
650 ## - SUBJECT ADDED ENTRY--TOPICAL TERM
Topical term or geographic name as entry element Trees
9 (RLIN) 33438
700 ## - ADDED ENTRY--PERSONAL NAME
Personal name Sharma, Y.D.
9 (RLIN) 33439
942 ## - ADDED ENTRY ELEMENTS (KOHA)
Source of classification or shelving scheme Dewey Decimal Classification
Koha item type English Books
Classification part 634.92
Call number suffix SHA
Holdings
Withdrawn status Lost status Damaged status Not for loan Home library Current library Date acquired Source of acquisition Cost, normal purchase price Total Checkouts Full call number Barcode Date last seen Copy number Cost, replacement price Price effective from Koha item type Public note
Written off       Central Library Central Library 16/07/2015 Cen Lib/Ret 0.00   634.92 SHA A-991606 16/07/2015 1 0.00 16/07/2015 English Books W/d List No. 6860/ 15 ; dtd 05/08/2020

© Delhi Public Library
Hit Counter
free hit counter